00822cam a2200277 a 450000100090000000300040000900500170001300800410003001000170007102000250008802000250011304000190013804200080015705000210016508200220018610000230020824500780023124600350030925000120034426000590035630000250041549000310044065000290047170000230050070000210052316184680OSt20191230145909.0100413s2009 enka d 000 0 eng  a 2009655140 a9780199237050 (hbk.) a9780199237043 (pbk.) aDLCcoclcdDLC apcc00aHB61b.B554 200900a330.03221bBLA/D aBlack, Johnd1931-12aA Dictionary of Economics /cJohn Black ; Nigar Hashimzade ; Gareth Myles14aOxford dictionary of economics a3rd ed. aOxford ;aNew York :bOxford University Press,cc2009. a505pbill. ;c24 cm.0 aOxford paperback reference 0aEconomicsvDictionaries.1 aHashimzade, Nigar.1 aMyles, Gareth D.